Handbook of medicinal plants / (Record no. 18118)
[ view plain ]
| 000 -LEADER | |
|---|---|
| fixed length control field | 01106aam a2200301 a 4500 |
| 001 - CONTROL NUMBER | |
| control field | 013058879 |
| 003 - CONTROL NUMBER IDENTIFIER | |
| control field | OSt |
| 005 - DATE AND TIME OF LATEST TRANSACTION | |
| control field | 20140330111807.0 |
| 008 - FIXED-LENGTH DATA ELEMENTS--GENERAL INFORMATION | |
| fixed length control field | 040520t2005 vp a frbf 001 0 eng d |
| 020 ## - INTERNATIONAL STANDARD BOOK NUMBER | |
| International Standard Book Number | 1560229942 (hbk.) |
| 020 ## - INTERNATIONAL STANDARD BOOK NUMBER | |
| International Standard Book Number | 1560229950 (pbk.) |
| 020 ## - INTERNATIONAL STANDARD BOOK NUMBER | |
| International Standard Book Number | 9781560229940 |
| 040 ## - CATALOGING SOURCE | |
| Original cataloging agency | StDuBDS |
| Language of cataloging | eng |
| Transcribing agency | StDuBDS |
| Modifying agency | Uk |
| 082 04 - DEWEY DECIMAL CLASSIFICATION NUMBER | |
| Classification number | 615.321 |
| Edition number | 22 |
| Item number | HAN |
| 245 00 - TITLE STATEMENT | |
| Title | Handbook of medicinal plants / |
| Statement of responsibility, etc | editors Zohara Yaniv, Uriel Bachrach. |
| 260 ## - PUBLICATION, DISTRIBUTION, ETC. (IMPRINT) | |
| Place of publication, distribution, etc | New York, United States ; |
| -- | London ; |
| -- | Oxford, United Kingdom : |
| Name of publisher, distributor, etc | Food Products Press, |
| -- | The Haworth Medical Press, Inc., |
| Date of publication, distribution, etc | c.2005. |
| 300 ## - PHYSICAL DESCRIPTION | |
| Extent | xxi, 500 p. : |
| Other physical details | ill. ; |
| Dimensions | 22 cm. |
| 500 ## - GENERAL NOTE | |
| General note | Index : p. 465-500. |
| 504 ## - BIBLIOGRAPHY, ETC. NOTE | |
| Bibliography, etc | Bibliography : p. 462-464. |
| 650 #0 - SUBJECT ADDED ENTRY--TOPICAL TERM | |
| Topical term or geographic name as entry element | Materia medica, Vegetable |
| Form subdivision | Handbooks, manuals, etc. |
| 9 (RLIN) | 35677 |
| 650 #0 - SUBJECT ADDED ENTRY--TOPICAL TERM | |
| Topical term or geographic name as entry element | Medicinal plants |
| Form subdivision | Handbooks, manuals, etc. |
| 9 (RLIN) | 35678 |
| 650 #0 - SUBJECT ADDED ENTRY--TOPICAL TERM | |
| Topical term or geographic name as entry element | Traditional medicine |
| Form subdivision | Handbooks, manuals, etc. |
| 9 (RLIN) | 35679 |
| 653 ## - INDEX TERM--UNCONTROLLED | |
| Resource For college | Pharmacy |
| Arrived date list | March2014 |
| 655 ## - INDEX TERM--GENRE/FORM | |
| Form subdivision | |
| -- | 33728 |
| 700 1# - ADDED ENTRY--PERSONAL NAME | |
| Personal name | Yaniv, Zohara |
| Relator term | editor. |
| 9 (RLIN) | 35680 |
| 700 1# - ADDED ENTRY--PERSONAL NAME | |
| Personal name | Bachrach, Uriel |
| Relator term | editor. |
| 9 (RLIN) | 35681 |
| 942 ## - ADDED ENTRY ELEMENTS (KOHA) | |
| Source of classification or shelving scheme | Dewey Decimal Classification |
| Call number prefix | 615.321 HAN |
| Withdrawn status | Item status | Source of classification or shelving scheme | Damaged status | Not for loan | Vendor | Home library | Current library | Shelving location | Date acquired | Source of acquisition | Cost, normal purchase price | Total Checkouts | Full call number | Barcode | Date last seen | Cost, replacement price | Koha item type | Date last borrowed |
|---|---|---|---|---|---|---|---|---|---|---|---|---|---|---|---|---|---|---|
| Dewey Decimal Classification | Baccah | Central Library | Central Library | First floor | 17/03/2014 | 650.00 | 615.321 HAN | 000035706 | 15/07/2025 | 812.50 | NB - Book (Non borrowing) | |||||||
| Dewey Decimal Classification | Baccah | Central Library | Central Library | First floor | 17/03/2014 | 650.00 | 1 | 615.321 HAN | 000035707 | 15/07/2025 | 812.50 | Book - Borrowing | 18/11/2015 | |||||
| Dewey Decimal Classification | Baccah | Central Library | Central Library | First floor | 17/03/2014 | 650.00 | 615.321 HAN | 000035708 | 15/07/2025 | 812.50 | Book - Borrowing | |||||||
| Dewey Decimal Classification | Baccah | Central Library | Central Library | First floor | 30/03/2014 | 650.00 | 615.321 HAN | 000035829 | 15/07/2025 | 812.50 | Book - Borrowing | |||||||
| Dewey Decimal Classification | Baccah | Central Library | Central Library | First floor | 30/03/2014 | 650.00 | 615.321 HAN | 000035830 | 15/07/2025 | 812.50 | Book - Borrowing | |||||||
| Dewey Decimal Classification | Baccah | Central Library | Central Library | First floor | 30/03/2014 | 650.00 | 615.321 HAN | 000035831 | 15/07/2025 | 812.50 | Book - Borrowing | |||||||
| Dewey Decimal Classification | Baccah | Central Library | Central Library | First floor | 30/03/2014 | 650.00 | 615.321 HAN | 000035832 | 15/07/2025 | 812.50 | Book - Borrowing | |||||||
| Dewey Decimal Classification | Baccah | Central Library | Central Library | First floor | 30/03/2014 | 650.00 | 615.321 HAN | 000035833 | 15/07/2025 | 812.50 | Book - Borrowing | |||||||
| Dewey Decimal Classification | Baccah | Central Library | Central Library | First floor | 30/03/2014 | 650.00 | 615.321 HAN | 000035834 | 15/07/2025 | 812.50 | Book - Borrowing | |||||||
| Dewey Decimal Classification | Baccah | Central Library | Central Library | First floor | 30/03/2014 | 650.00 | 615.321 HAN | 000035835 | 15/07/2025 | 812.50 | Book - Borrowing |